| 000 | 00604nam a2200205 a 4500 | ||
|---|---|---|---|
| 005 | 20140310183152.0 | ||
| 008 | 021014s19uu xx 00 eng d | ||
| 020 | _a9780815105268 | ||
| 050 |
_aRT 89 _b.B457 1995 |
||
| 100 | _aBernhard, Linda A. | ||
| 245 |
_aLeadership : _bthe key to the professionalization of nursing / _cLinda A. Bernhard. |
||
| 260 |
_aUSA : _bMosby-Year Book Inc., _c1995. |
||
| 300 |
_a223 p. : _c23 cm. |
||
| 521 | _aNUR | ||
| 650 |
_aNursing services _xadministration |
||
| 650 | _aLeadership | ||
| 650 | _aNursing, Supervisory | ||
| 942 |
_cBK _2lcc _kFOR |
||
| 999 |
_c19678 _d19678 |
||